00277nam a2200109Ia 4500008004100000100002600041245001700067260000900084300003100093440002400124650001900148180117s9999 xx 000 0 und d aby JOyce Reyes-Aguila aLess in more c2017 a6-12 pages, 2017 January 8 aPhilippine Panorama aTRENDS IN 2017